ბათუმის შოთა რუსთაველის სახელმწიფო უნივერსიტეტის ბიბლიოთეკა

იავნანამ რა ჰქმნა? : (ბიბ.ჩანაწერი № 40244)

000 -ლიდერი
ფიქსირებული სიგრძის საკონტროლო ველი 01622nam a2200217Ia 4500
003 - საკონტროლო ნომრის იდენტიფიკატორი
საკონტროლო ველი Ge_BSU
005 - ბოლო ოპერაციის თარიღი და დრო
საკონტროლო ველი 20200211112619.0
008 - ფიქსირებული სიგრძის მონაცემთა ელემენტები - ზოგადი ინფორმაცია
ფიქსირებული სიგრძის საკონტროლო ველი 181216s1976||||ge |||||||||||||| ||geo||
041 ## - ენის კოდი
Language code of text/sound track or separate title geo
080 ## - უნივერსალური ათობითი კლასიფიკაციის ინდექსი
Universal Decimal Classification number 82-93 გ-59
100 ## - მთავარი ჩანაწერი - პიროვნების სახელი
Personal name გოგებაშვილი, იაკობ.
9 (RLIN) 6968
245 ## - ცნობა სათაურის შესახებ
Title იავნანამ რა ჰქმნა? :
Remainder of title მოთხრობა /
Statement of responsibility, etc იაკობ გოგებაშვილი ; ინგ. ტექსტის რედ. მერი სინთა კარდაილი ; ფრანგ. ტექსტის რედ. ელენე ციციშვილი ; გერმანული ტესტის რედ. მანფრედ გორკი ; მხატვ. : ალ. სლავინსკი, ო. ქოჩაკიძე, ი. ჩიკვაიძე.
264 ## - წარმოების, გამოცემის, დისტრიბუციის და სხვა ცნობები
გამოცემის, წარმოების, დისტრიბუციის... ადგილი თბილისი :
გამოცემის, წარმოების, დისტრიბუციის... სახელწოდება განათლება,
გამოცემის, წარმოების, დისტრიბუციის... თარიღი 1976.
300 ## - ფიზიკური აღწერა
Extent 94 გვ. :
Other physical details ილ. ;
Dimensions 26 სმ.
653 ## - INDEX TERM--UNCONTROLLED
Uncontrolled term იავნანამ რა ჰქმნა?
653 ## - INDEX TERM--UNCONTROLLED
Uncontrolled term მოთხრობა
700 ## - ADDED ENTRY--PERSONAL NAME
Personal name სინთა კარდაილი, მერი
Relator term ინგლისური ტექსტის რედაქტორი
9 (RLIN) 6969
700 ## - ADDED ENTRY--PERSONAL NAME
Personal name ციციშვილი, ელენე
Relator term ფრანგული ტექსტის რედაქტორი
9 (RLIN) 6970
700 ## - ADDED ENTRY--PERSONAL NAME
Personal name გორკი, მანფრედ
Relator term გერმანული ტექსტის რედაქტორი
9 (RLIN) 6971
942 ## - ADDED ENTRY ELEMENTS (KOHA)
Koha item type წიგნი
Source of classification or shelving scheme
ეგზემპლარები
ჩამოწერის სტატუსი დაკარგული ეგზემპლარის სტატუსი კლასიფიკაციის წყარო ან თაროზე გაწყობის სქემა დაზიანების სტატუსი არ გაიცემა მუდმივი მდებარეობა (დაცვის ადგილი) ამჟამინდელი ადგილსამყოფელი თაროზე განთავსების ადგილი შეძენის თარიღი ღირებულება, შესყიდვის ნორმალური ფასი სრული შენახვის შიფრი შტრიხკოდი ბოლო ოპერაციის თარიღი ეგზემპლარის მიმდევრობითი ნომერი (კეტერი?) ფასის ძალაში შესვლის თარიღი ეგზემპლარის სახეობა საჯარო შენიშვნა
          ბათუმის შოთა რუსთაველის სახელმწიფო უნივერსიტეტის მთავარი ბიბლიოთეკა ბათუმის შოთა რუსთაველის სახელმწიფო უნივერსიტეტის მთავარი ბიბლიოთეკა წიგნსაცავი 2018-12-17 0.86 82-93 გ-59 14956 2018-12-17 14956 2018-12-17 წიგნი 0.86 ლ.
          ბათუმის შოთა რუსთაველის სახელმწიფო უნივერსიტეტის მთავარი ბიბლიოთეკა ბათუმის შოთა რუსთაველის სახელმწიფო უნივერსიტეტის მთავარი ბიბლიოთეკა წიგნსაცავი 2018-12-17 0.86 82-93 გ-59 14957 2018-12-17 14957 2018-12-17 წიგნი 0.86 ლ.
          ბათუმის შოთა რუსთაველის სახელმწიფო უნივერსიტეტის მთავარი ბიბლიოთეკა ბათუმის შოთა რუსთაველის სახელმწიფო უნივერსიტეტის მთავარი ბიბლიოთეკა წიგნსაცავი 2018-12-17 0.86 82-93 გ-59 14958 2018-12-17 14956 2018-12-17 წიგნი 0.86 ლ.